PLANE AND GEODETIC SURVEYING (Record no. 2399)
[ view plain ]
| 000 -LEADER | |
|---|---|
| Fixed length control field | 00437nam a2200169 4500 |
| 003 - CONTROL NUMBER IDENTIFIER | |
| Control field | SEACOMEC |
| 005 - DATE AND TIME OF LATEST TRANSACTION | |
| Control field | 20250813131054.0 |
| 008 - FIXED-LENGTH DATA ELEMENTS--GENERAL INFORMATION | |
| Fixed length control field | 250813b |||||||| |||| 00| 0 eng d |
| 020 ## - INTERNATIONAL STANDARD BOOK NUMBER / ISBN | |
| International Standard Book Number | 9788123911731 |
| Price | 240 |
| 040 ## - CATALOGING SOURCE | |
| Original cataloging agency | SEACOMEC |
| 082 ## - DEWEY DECIMAL CLASSIFICATION NUMBER | |
| Classification number | 526.9 |
| Book Number | P592 |
| 100 ## - MAIN ENTRY--PERSONAL NAME | |
| Personal name | david, Clark |
| 245 ## - TITLE STATEMENT | |
| Title | PLANE AND GEODETIC SURVEYING |
| Sub title | HIGHER SURVEYING |
| Statement of responsibility | david Clark |
| 250 ## - EDITION STATEMENT | |
| Edition statement | 6th rev. ed. |
| 260 ## - IMPRINT | |
| Place of publication | New Delhi |
| Name of publisher | CBS |
| Date of publication | r2004 |
| 942 ## - ADDED ENTRY ELEMENTS (KOHA) | |
| Koha item type | Books |
| Withdrawn status | Lost status | Source of classification | Damaged status | Not for loan | Home library | Current library | Date acquired | Total Checkouts | Call number | Accession number | Date last seen | Price effective from | Koha item type | Copy number |
|---|---|---|---|---|---|---|---|---|---|---|---|---|---|---|
| Dewey Decimal Classification | SEACOM ENGINEERING COLLEGE | SEACOM ENGINEERING COLLEGE | 02/08/2012 | 526.9 P592 | 19389 | 13/08/2025 | 13/08/2025 | Books | ||||||
| Dewey Decimal Classification | SEACOM ENGINEERING COLLEGE | SEACOM ENGINEERING COLLEGE | 02/08/2012 | 526.9 P592 | 19390 | 13/08/2025 | 13/08/2025 | Books | 1 | |||||
| Dewey Decimal Classification | SEACOM ENGINEERING COLLEGE | SEACOM ENGINEERING COLLEGE | 02/08/2012 | 526.9 P592 | 19391 | 13/08/2025 | 13/08/2025 | Books | 2 | |||||
| Dewey Decimal Classification | SEACOM ENGINEERING COLLEGE | SEACOM ENGINEERING COLLEGE | 02/08/2012 | 526.9 P592 | 19392 | 13/08/2025 | 13/08/2025 | Books | 3 | |||||
| Dewey Decimal Classification | SEACOM ENGINEERING COLLEGE | SEACOM ENGINEERING COLLEGE | 02/08/2012 | 526.9 P592 | 19393 | 13/08/2025 | 13/08/2025 | Books | 4 |
